Statistics for All Monster Hunter Monsters (Main Series)

Click here to take the quiz!

General Stats

  • This quiz has been taken 452 times
    (254 since last reset)
  • The average score is 149 of 295

Answer Stats

TypeMonster% Correct
Flying WyvernRathalos
84%
Flying WyvernRathian
84%
???Gore Magala
80%
Elder DragonFatalis
78%
Flying WyvernGold Rathian
78%
Flying WyvernSilver Rathalos
78%
Flying WyvernWhite Monoblos
78%
Flying WyvernDiablos
77%
Elder DragonKushala Daora
77%
Fanged BeastRajang
77%
Brute WyvernBarroth
75%
Elder DragonLunastra
75%
Flying WyvernAzure Rathalos
74%
Brute WyvernBrachydios
74%
Fanged WyvernZinogre
74%
Fanged WyvernGreat Jagras
73%
Flying WyvernPink Rathian
73%
Elder DragonTeostra
73%
Flying WyvernTigrex
73%
Small Fanged WyvernJagras
72%
Bird WyvernGreat Jaggi
71%
Piscine WyvernLavasioth
71%
Elder DragonNergigante
71%
AmphibianTetsucabra
71%
Flying WyvernBarioth
70%
Flying WyvernBlack Diablos
70%
Elder DragonCrimson Fatalis
70%
Bird WyvernCrimson Qurupeco
70%
Brute WyvernDeviljho
70%
Brute WyvernAnjanath
69%
Bird WyvernKulu-Ya-Ku
69%
Elder DragonAlatreon
68%
Fanged BeastFurious Rajang
68%
Brute WyvernGlavenus
68%
Elder DragonKirin
68%
LeviathanLagiacrus
68%
Flying WyvernMonoblos
68%
Flying WyvernNargacuga
68%
Bird WyvernPukei-Pukei
68%
Elder DragonShagaru Magala
68%
AmphibianZamtrios
68%
Small Bird WyvernJaggi
67%
LeviathanMizutsune
66%
Fanged WyvernStygian Zinogre
66%
Brute WyvernUragaan
66%
Elder DragonXeno'jiiva
66%
Bird WyvernYian Garuga
66%
Bird WyvernGreat Baggi
65%
Piscine WyvernPlesioth
65%
Brute WyvernRaging Brachydios
65%
Small Bird WyvernBaggi
63%
Bird WyvernIodrome
63%
Flying WyvernKhezu
63%
Fanged WyvernTobi-Kadachi
63%
Elder DragonValstrax
63%
Elder DragonVelkhana
63%
Bird WyvernYian Kut-Ku
63%
Small Fanged BeastConga
62%
Bird WyvernGreat Wroggi
62%
Fanged WyvernOdogaron
62%
Fanged BeastArzuros
61%
Flying WyvernBrute Tigrex
61%
Fanged WyvernGreat Girros
61%
Fanged BeastLagombi
61%
Elder DragonMalzeno
61%
Brute WyvernRadobaan
61%
Brute WyvernRust Duramboros
61%
Elder DragonSafi'jiiva
61%
Elder DragonVaal Hazak
61%
Bird WyvernVelocidrome
61%
Small Bird WyvernWroggi
61%
HerbivoreAptonoth
60%
Elder DragonChameleos
60%
???Chaotic Gore Magala
60%
Fanged BeastCongalala
60%
Bird WyvernGendrome
60%
Elder DragonAmatsu
59%
Flying WyvernAstalos
59%
Small Fanged WyvernGirros
59%
Fanged WyvernMagnamalo
59%
Bird WyvernQurupeco
59%
CarapaceonShogun Ceanataur
59%
Bird WyvernTzitzi-Ya-Ku
59%
Small Bird WyvernVelociprey
59%
Small AmphibianZamite
59%
Bird WyvernCoral Pukei-Pukei
58%
Small CarapaceonHermitaur
58%
Elder DragonLao-Shan Lung
58%
Elder DragonRuiner Nergigante
58%
LeviathanAbyssal Lagiacrus
57%
Elder DragonDalamadur
57%
Small Bird WyvernIoprey
57%
Elder DragonKulve Taroth
57%
Flying WyvernLegiana
57%
Small LeviathanLudroth
57%
Flying WyvernPaolumu
57%
Small NeopteronVespoid
57%
Fanged BeastBulldrome
56%
CarapaceonDaimyo Hermitaur
56%
Brute WyvernDuramboros
56%
RelictLeshen
56%
Elder DragonRusted Kushala Daora
56%
Brute WyvernSavage Deviljho
56%
Brute WyvernAcidic Glavenus
55%
Piscine WyvernBeotodus
55%
AmphibianBerserk Tetsucabra
55%
Elder DragonCrimson Glow Valstrax
55%
Fanged BeastGammoth
55%
Small Bird WyvernGenprey
55%
Brute WyvernHellblade Glavenus
55%
LeviathanRoyal Ludroth
55%
AmphibianTetranodon
55%
Small Fanged BeastBullfango
54%
Elder DragonCeadeus
54%
Small CarapaceonCeanataur
54%
Flying WyvernGreen Nargacuga
54%
LeviathanIvory Lagiacrus
54%
NeopteronSeltas
54%
Fanged WyvernViper Tobi-Kadachi
54%
Elder DragonBehemoth
53%
Small Fanged BeastBlango
53%
Flying WyvernBloodbath Diablos
53%
Flying WyvernDreadking Rathalos
53%
Flying WyvernDreadqueen Rathian
53%
Piscine WyvernJyuratodus
53%
HerbivoreKelbi
53%
Fanged WyvernLunagaron
53%
Elder DragonWhite Fatalis
53%
Fanged BeastBlangonga
52%
Bird WyvernBlue Yian Kut-Ku
52%
Brute WyvernFulgur Anjanath
52%
TemnoceranNerscylla
52%
Flying WyvernRed Khezu
52%
NeopteronSeltas Queen
52%
LeviathanAgnaktor
51%
Fanged WyvernApex Zinogre
51%
Elder DragonThunder Serpent Narwa
51%
Fanged BeastVolvidon
51%
Elder DragonWind Serpent Ibushi
51%
RelictAncient Leshen
50%
Brute WyvernBanbaro
50%
Flying WyvernBazelgeuse
50%
Fanged WyvernEbony Odogaron
50%
Flying WyvernFrostfang Barioth
50%
Flying WyvernGravios
50%
Piscine WyvernGreen Plesioth
50%
Brute WyvernJade Barroth
50%
Flying WyvernLucent Nargacuga
50%
Flying WyvernMolten Tigrex
50%
Snake WyvernNajarala
50%
Elder DragonNarwa the Allmother
50%
Elder DragonOroshi Kirin
50%
Elder DragonShara Ishvalda
50%
Fanged WyvernThunderlord Zinogre
50%
Elder DragonZorah Magdaros
50%
Flying WyvernAkantor
49%
Bird WyvernAknosom
49%
Flying WyvernBasarios
49%
Bird WyvernGreat Izuchi
49%
Bird WyvernGreat Maccao
49%
Bird WyvernGypceros
49%
Flying WyvernSand Barioth
49%
Flying WyvernApex Rathalos
48%
AmphibianDrilltusk Tetsucabra
48%
Small Flying WyvernGiggi
48%
LeviathanGobul
48%
Small Bird WyvernIzuchi
48%
Small Bird WyvernMaccao
48%
Flying WyvernSeregios
48%
LeviathanAlmudron
47%
Fanged BeastApex Arzuros
47%
Flying WyvernApex Rathian
47%
Piscine WyvernCephadrome
47%
NeopteronDesert Seltas
47%
NeopteronDesert Seltas Queen
47%
Fanged BeastEmerald Congalala
47%
Elder DragonGaismagorm
47%
Flying WyvernGigginox
47%
AmphibianTigerstripe Zamtrios
47%
Flying WyvernUkanlos
47%
HerbivoreApceros
46%
Bird WyvernGiadrome
46%
Small Bird WyvernJaggia
46%
Elder DragonNamielle
46%
Fanged BeastRedhelm Arzuros
46%
Bird WyvernScarred Yian Garuga
46%
Elder DragonBlackveil Vaal Hazak
45%
Fanged WyvernDodogama
45%
LynianFelyne
45%
LeviathanNibelsnarf
45%
TemnoceranRakna-Kadaki
45%
Elder DragonRisen Chameleos
45%
Elder DragonYama Tsukami
45%
Elder DragonAshen Lao-Shan Lung
44%
Flying WyvernBoltreaver Astalos
44%
LynianGajalaka
44%
Elder DragonGoldbeard Ceadeus
44%
Elder DragonJhen Mohran
44%
Kushala DaoraRisen Kushala Daora
44%
Elder DragonRisen Teostra
44%
Flying WyvernSeething Bazelgeuse
44%
Elder DragonShah Dalamadur
44%
Flying WyvernSilverwind Nargacuga
44%
Fanged BeastSnowbaron Lagombi
44%
NeopteronAhtal-Ka
43%
LeviathanApex MIzutsune
43%
Flying WyvernBlack Gravios
43%
Brute WyvernCrystalbeard Uragaan
43%
Flying WyvernEspinas
43%
Fanged BeastGarangolm
43%
Small Bird WyvernGiaprey
43%
LeviathanGlacial Agnaktor
43%
Elder DragonGogmazios
43%
LynianMelynx
43%
Flying WyvernNightshade Paolumu
43%
HerbivorePopo
43%
Fanged WyvernScorned Magnamalo
43%
CarapaceonShen Gaoren
43%
Fanged BeastBishaten
42%
Elder DragonDire Miralis
42%
Elder DragonPrimordial Malzeno
42%
LeviathanSoulseer Mizutsune
42%
Small Piscine WyvernCephalos
41%
Fanged BeastCopper Blangonga
41%
Elder DragonDah'ren Mohran
41%
Bird WyvernDeadeye Yian Garuga
41%
Fanged BeastGoss Harag
41%
LeviathanMagma Almudron
41%
Elder DragonNakarkos
41%
Bird WyvernPurple Gypceros
41%
Elder DragonRisen Shagaru Magala
41%
Flying WyvernRuby Basarios
41%
Flying WyvernShrieking Legiana
41%
LeviathanSomnacanth
41%
NeopteronVespoid Queen
41%
LeviathanViolet Mizutsune
41%
Flying WyvernFlaming Espinas
40%
Flying WyvernGrimclaw Tigrex
40%
CarapaceonPlum Daimyo Hermitaur
40%
Elder DragonRisen Crimson Glow Valstrax
40%
Small Fanged WyvernShamos
40%
TemnoceranShrouded Nerscylla
40%
Brute WyvernSteel Uragaan
40%
Small NeopteronBnahabra
39%
Fanged BeastElderfrost Gammoth
39%
TemnoceranPyre Rakna-Kadaki
39%
LynianShakalaka
39%
Flying WyvernApex Diablos
38%
Bird WyvernMalfestio
38%
CarapaceonStonefist Hermitaur
38%
Snake WyvernTidal Najarala
38%
LeviathanAurora Somnacanth
37%
FishGajau
37%
Fanged BeastKecha Wacha
36%
Small Snake WyvernRemobra
36%
CarapaceonRustrazor Ceanataur
36%
CarapaceonTerra Shogun Ceanataur
36%
WingdrakeBarnos
35%
Bird WyvernHypnocatrice
35%
HerbivoreMosswine
35%
LeviathanPurple Ludroth
35%
Small NeopteronAltaroth
34%
Fanged BeastBlood Orange Bishaten
34%
LynianKing Shakalaka
34%
Fanged BeastAsh Kecha Wacha
32%
Small Bird WyvernBoggi
32%
Elder DragonHallowed Jhen Mohran
32%
Small NeopteronHornetaur
32%
WingdrakeNoios
32%
HerbivoreRhenoplos
32%
Small LeviathanUroktor
32%
Small Fanged WyvernWulg
32%
Flying WyvernBaleful Gigginox
31%
LynianBoaboa
31%
Small NeopteronKonchu
31%
WingdrakeMernos
31%
WingdrakeRaphinos
31%
Small Bird WyvernGargwa
30%
HerbivoreAnteka
28%
WingdrakeCortos
28%
Small Piscine WyvernDelex
28%
Bird WyvernNightcloak Malfestio
28%
LynianGrimalkyne
27%
HerbivoreKestodon
27%
HerbivoreEpioth
24%
HerbivoreLarinoth
24%
Small NeopteronGreat Thunderbug
23%
Small TemnoceranRachnoid
23%
HerbivoreGastodon
22%
HerbivoreMoofah
21%
HerbivoreGowngoat
20%
HerbivoreSlagtoth
20%
Small Fanged BeastBombadgy
19%
Small TemnoceranPyrantula
19%
Small Fanged BeastCanyne
16%

Score Distribution

Percentile by Number Answered

Percent of People with Each Score

Your Score History

You have not taken this quiz since the last reset